Oxford student's dictionary. (Record no. 81722)

MARC details
000 -LEADER
fixed length control field 00908nam a2200193 a 4500
008 - FIXED-LENGTH DATA ELEMENTS--GENERAL INFORMATION
fixed length control field 130416s2007 ||||||||||||||||| || u
020 ## - INTERNATIONAL STANDARD BOOK NUMBER
International Standard Book Number 9780199115327
050 ## - LIBRARY OF CONGRESS CALL NUMBER
Classification number PE 1628 Oxf
100 ## - MAIN ENTRY--PERSONAL NAME
Personal name Delahunty, Andrew
245 10 - TITLE STATEMENT
Title Oxford student's dictionary.
Statement of responsibility, etc edited by Robert Allen and Andrew Delahunty
260 ## - PUBLICATION, DISTRIBUTION, ETC. (IMPRINT)
Place of publication, distribution, etc Oxford:
Name of publisher, distributor, etc Oxford University Press
Date of publication, distribution, etc 2007
300 ## - PHYSICAL DESCRIPTION
Extent xiii, 1232p.
650 #0 - SUBJECT ADDED ENTRY--TOPICAL TERM
Topical term or geographic name as entry element ENGLISH LANGUAGE--DICTIONARIES
650 ## - SUBJECT ADDED ENTRY--TOPICAL TERM
Topical term or geographic name as entry element ENGLISH--DICTIONARIES
700 ## - ADDED ENTRY--PERSONAL NAME
Personal name Allen, Robert
995 ## - RECOMMENDATION 995 [LOCAL, UNIMARC FRANCE]
-- CBU-MAIN LIBRARY (Kitwe)
-- 3
-- DAMAGED
-- Oct 29, 2015
-- Reference Collection
995 ## - RECOMMENDATION 995 [LOCAL, UNIMARC FRANCE]
-- CBU-MAIN LIBRARY (Kitwe)
-- 1
-- AVAILABLE
-- Jun 7, 2013
-- Reference Collection
995 ## - RECOMMENDATION 995 [LOCAL, UNIMARC FRANCE]
-- CBU-MAIN LIBRARY (Kitwe)
-- 2
-- DAMAGED
-- Jun 7, 2013
-- Reference Collection
Holdings
Withdrawn status Lost status Source of classification or shelving scheme Damaged status Not for loan Permanent Location Current Location Shelving location Date acquired Total Checkouts Full call number Barcode Date last seen Copy number Price effective from Koha item type
          CBU-MAIN LIBRARY, KITWE. CBU-MAIN LIBRARY, KITWE.   09/05/2023   PE 1628 Oxf 739333 09/05/2023 1 09/05/2023 REFERENCE COLLECTION
          CBU-MAIN LIBRARY, KITWE. CBU-MAIN LIBRARY, KITWE.   09/05/2023   PE 1628 Oxf 743877 09/05/2023 2 09/05/2023 REFERENCE COLLECTION
          CBU-MAIN LIBRARY, KITWE. CBU-MAIN LIBRARY, KITWE.   09/05/2023   PE 1628 Oxf 743878 09/05/2023 3 09/05/2023 REFERENCE COLLECTION